Quizzes
Events
Quiz Creation
Community
Videos
Private Events
Remove Ads
Sign In
Join for FREE
Feedback
Dark Mode
Quiz Categories
Sports
Geography
Music
Movies
Television
Just For Fun
Miscellaneous
History
Literature
Language
Science
Gaming
Entertainment
Religion
Holiday
For Kids
Quiz Lab
Recent
Popular Today
Quiz Kudos Today
Editor Picks
Curator Picks
Quizzes by...
Day
Popularity
Type
Ratings
Length
Year
Community
Subscriptions
Recent Discussions
Orange Saloon
Badges
Playlists
Quests
Create
Leaderboards
Showdown
Live 5
Trivia Bingo
Activity
Puzzle Library
Sporcle Events
Private Events
Virtual Trivia
Globe League
Become a Host
Pub Owners
SporcleCon
Opinionation
Our Games
Videos
Blog
Mobile Apps
Partnerships
Remove Ads and Go Orange
Feedback
Music
Pop Music
The Beatles
Song
Album
Lyrics
Bands
Singers
Artist
Clip
Rock
Rap
Classical
Billboard
Country Music
Kpop
Taylor Swift
Music
Pop Music
The Beatles
Song
Album
Lyrics
Bands
Singers
Artist
Clip
Rock
Rap
Classical
Billboard
Country Music
Kpop
Taylor Swift
Random Quiz
Search Sporcle
×
Quiz Lab
Quiz Lab
Music
Lyrics
Type in answers that appear in a list
Type in answers that appear in a list
Classic
Best Score? Go Orange.
Guess Lyrics to Glee Song Stats
Can you name the Guess Lyrics to Glee Song?
By
skottles28
10m
99 Questions
1,767 Plays
1,767 Plays
1,767 Plays
Comments
Comments
Give Quiz Kudos
Give Quiz Kudos
-
- Ratings
hide this ad
Replay
Link that replays current quiz
Next Quiz
Link to next quiz in quiz playlist
You Got
0%
They Got
Avg Score
40%
Avg Friend Score
Upgrade to see
Score Distribution
Jump to the score distribution portion of the page
Score
0/99
Timer
10:00
0
Plays Today
Lyrics
% Correct
the
92.9%
a
92.9%
And
92.9%
the
92.9%
a
92.9%
the
92.9%
And
92.9%
the
92.9%
A
92.9%
a
92.9%
a
92.9%
A
92.9%
a
92.9%
A
92.9%
you
89.8%
you
89.8%
you
89.8%
me
74.6%
love
69.5%
is
67.4%
is
67.4%
to
66%
it
65.1%
be
62.6%
in
61.4%
in
61.4%
You're
58.7%
you're
58.7%
so
54.6%
When
50.8%
When
50.8%
for
50.6%
for
50.6%
Lyrics
% Correct
for
50.6%
of
49.3%
I'm
48.1%
that
44.5%
are
42.9%
it's
42.5%
I
42.2%
I
42.2%
I
42.2%
not
40.8%
how
37.7%
one
37%
just
35.3%
all
33.8%
have
33.7%
hear
31.7%
girl
30.6%
girl
30.6%
girl
30.6%
girl
30.6%
girl
30.6%
from
27.9%
good
25.9%
Yeah,
24.9%
Life
24.5%
Did
22.4%
need
21.1%
out
20.7%
them
19.9%
thing
19.7%
over
18.3%
said
18.1%
said
18.1%
Lyrics
% Correct
That's
17.7%
That's
17.7%
may
16.3%
keep
15.2%
though
13%
really
11.9%
Funny
11.9%
Funny
11.9%
funny
11.9%
funny
11.9%
funny
11.9%
funny
11.9%
Funny
11.9%
funny
11.9%
funny
11.9%
far
11.5%
wrong
11.3%
guy
11.2%
guy
11.2%
laugh
10.6%
guess
9.1%
honey
8.9%
ain't
8.7%
jokes
8.4%
sure
8.4%
half
8%
sense
7.5%
humor
7.2%
stitches
7.1%
sunny
7%
ought
5.9%
fellow
5.5%
dug
4%
Quiz Playlist
Details
Report
Send in Message
Add To Playlist
Classic:
Type in answers that appear in a list
Last Updated: Feb 16, 2017
Quiz Scoreboard
CHALLENGE
Sign Up to Join the Scoreboard
Show All
Scores
Hide
Comments
May contain spoilers
Recently Published
Movies - When Are They Set?
by FPL_Elf
Movies
5m
Popular People in 1961
by mucciniale
History
6m
1-10 Letter E Words III
by El_Dandy
Language
2m
More to Explore
Quiz From the Vault
Featured Blog Post
Where Did the Easter Bunny Come From?
hide this ad
You Might Also Like...
Tags
Lyrics Quiz
Song Quiz
Glee
Today's Top Quizzes in Music
Browse Music
hide this ad
Today's Top Quizzes in Lyrics
Browse Lyrics
Top Contributed Quizzes in Music
1
Taylor Swift All Songs (2024)
2
2010s Album by Cover III
3
One Thing in Common: Music
4
Guess the Artist- 70s Songs
5
Taylor Swift Logic Puzzle
6
Guess the Taylor Swift song (Mystery Song)
7
2010s Album by Cover IV
8
2010s Album by Cover V
9
KPOP LOGIC QUIZ
10
2010s Album by Cover VI
Explore More
Trending Topics
Kpop
Disney
Harry Potter
NBA
Crossword
Marvel
Anime
Soccer
Song
WWE
Country
Puzzle
NFL
The Office
Pokémon
hide this ad
More By:
skottles28
Quiz
Plays
Rating
Category
Featured
Created
'P' Countries
223,280
4.42
Geography
Jun 14, 2010
'R' Countries
165,725
4.35
Geography
Oct 9, 2010
Glee Quotes Season 1
4,837
1.53
Television
Jun 14, 2010
Guess Lyrics to Glee Song
1,767
2.40
Music
Jul 3, 2010
Victorious Show Characters
1,750
1.67
Television
Aug 1, 2010
Go to Creator's Profile
Score Distribution
Quiz Creator Spotlight
skottles28
Follow
Send a Message
Quizzes Created
-
Created Quiz Play Count
-
More By This Creator
Popular Quizzes Today
1
Find the Countries of Europe - No Outlines Minefield
2
Find the US States - No Outlines Minefield
3
The Countries of the World
4
Popular People in 1961
5
US States
6
1-10 Letter E Words III
7
Find the US States
8
One Thing in Common: World Cities II
More Music Quizzes
The Chanukah Song vs. We Didn't Start the Fire
Published
Trending Quizzes
Risky Map Clicking: Least Populous States A-Z
1-10 Letter F Words
Humor Books: The Subtitles
1-10 Letter G Words
One Thing in Common: United Kingdom
Recently Updated
Leaping Animals
pecheneg
Reality TV Shows (A-Z)
bhenderson79
Rickey Henderson's Hall of Fame Teammates
pecheneg
Champions League XIs: Arsenal
pecheneg
Quick Pick: Celebrities in WWE's Hall of Fame
aduchscher
A-Z Keypad Blitz II
pecheneg
Multiple Oscar Actors
pecheneg
Mystery Phrase Blitz: Oscar 'Best Actors'
pecheneg
F. Scott Fitzgerald Novels
LTH
Pick 3 Villains
ddd62291
Trending Topics
Crossword
Anime
Kpop
Marvel
Harry Potter
Disney
NBA
The Office
Soccer
Pokémon
Puzzle
Country
WWE
NFL
Song
Your Account Isn't Verified!
In order to create a playlist on Sporcle, you need to verify the email address you used during registration. Go to your
Sporcle Settings
to finish the process.
Report this User
Report this user for behavior that violates our
Community Guidelines
.
Details:
Send Report
Go to the Sporcle.com Mobile Site →
Comments